000 00941nam a22003017a 4500
001 0074
003 DO-SdBNP
005 20171120095814.0
007 0074
008 151008b sp 1985 xxu||||| |||| 00| 0 spa d
020 _a8427249152
040 _aBPMSU
_bspa
_cBPMSU
082 4 _a823.2
_bC273mi
100 1 0 _aCarey, M. V.
245 1 0 _aMisterio de las huellas flameantes /
_cM. V. Carey ; traducción Martí Llobet; ilustración Escolano
260 _aBarcelona :
_bMolino,
_c1985
300 _a196 p. :
_bil.,
_c21 cm.
490 1 0 _aAlfred Hitchcock y los tres investigadores;
_v; 15
650 _aNOVELA POLICÍACA INGLESA
650 _aLITERATURA INGLESA
700 1 2 _aLlobet, Martí,
_etr.
700 1 2 _aEscolano, R.
_eil.
830 0 0 _aAlfred Hitchcock y los tres investigadores
_3; 15
942 _2ddc
_cBK
945 _aInventariado, 2017/MFF
956 _aBrenda Tavárez
956 _aValidado. Control de calidad MFF
999 _c8349
_d8349